MDQL
is popping MORE tags! Check the
thread
!
Quizzes
Events
Quiz Creation
Community
Videos
Private Events
Remove Ads
Sign In
Join for FREE
Feedback
Dark Mode
Quiz Categories
Sports
Geography
Music
Movies
Television
Just For Fun
Miscellaneous
History
Literature
Language
Science
Gaming
Entertainment
Religion
Holiday
For Kids
Quiz Lab
Recent
Popular Today
Quiz Kudos Today
Editor Picks
Curator Picks
Quizzes by...
Day
Popularity
Type
Ratings
Length
Year
Community
Subscriptions
Recent Discussions
Orange Saloon
Badges
Playlists
Quests
Create
Leaderboards
Showdown
Live 5
Trivia Bingo
Activity
Puzzle Library
Sporcle Events
Private Events
Virtual Trivia
Globe League
Become a Host
Pub Owners
SporcleCon
Opinionation
Our Games
Videos
Blog
Mobile Apps
Partnerships
Remove Ads and Go Orange
Feedback
Miscellaneous
Crossword
General Knowledge
Baby Names
Logo
Food
Cars
Numbers
Grab Bag
University
College
Popular
Company
Slogans
Restaurants
Justice
Letter
Miscellaneous
Crossword
General Knowledge
Baby Names
Logo
Food
Cars
Numbers
Grab Bag
University
College
Popular
Company
Slogans
Restaurants
Justice
Letter
Random Quiz
Search Sporcle
×
Quiz Lab
Quiz Lab
Miscellaneous
Begins and Ends
Type in answers that appear in a list
Type in answers that appear in a list
Classic
Best Score? Go Orange.
Begins with AA to ZZ Stats
Can you name the miscellaneous things that begins with AA to ZZ?
By
dyster
5m
26 Questions
97 Plays
97 Plays
97 Plays
Comments
Comments
Give Quiz Kudos
Give Quiz Kudos
-
- Ratings
hide this ad
More Info
Forced Order
Answers have to be entered in order
Answers have to be entered in order
Replay
Link that replays current quiz
Next Quiz
Link to next quiz in quiz playlist
You Got
0%
They Got
Avg Score
46%
Avg Friend Score
Upgrade to see
Score Distribution
Jump to the score distribution portion of the page
Score
0/26
Timer
05:00
0
Plays Today
HINT
ANSWER
% Correct
BB: American blues guitarist
BB King
92.8%
ZZ: American rock band
ZZ Top
79.4%
AA: Danish city
Aalborg or Aarhus
67%
WW: American entertainment company dealing primarily in professional wrestling
WWE, inc.
63.9%
OO: Traditional Chinese drink
Oolong tea
56.7%
MM: A type of computergame
MMORPG
54.6%
CC: American baseball player
CC Sabathia
53.6%
LL: Australian tennis player
Lleyton Hewitt
53.6%
II: Worldwide governing body for ice hockey
IIHF
50.5%
SS: Italian football club
SS Lazio or SS Napoli
47.4%
GG: American punk rock artist
GG Allin
44.3%
VV: Dutch football club
VVV-Venlo
43.3%
FF: Narrow gauge heritage railway in Wales
Ffestiniog Railway
42.3%
HINT
ANSWER
% Correct
EE: Non-
volatile memory used in computers
EEPROM
40.2%
QQ: Australian television station
QQQ
39.2%
UU: Finnish region
Uusimaa
38.1%
JJ: Finnish racing driver, formerly F-
1
JJ Lehto
37.1%
XX: Manga series
xXxHoLic
37.1%
YY: Character from The Elric sequence (by Michael Moorcock)
Yyrkoon
37.1%
DD: WW2 amphibious vehicle
DD tank
36.1%
HH: USAF SAR Helicopter
HH-60 Pave Hawk
36.1%
PP: Soviet WW2 submachine gun
PPSh-41
34%
RR: A British-
operated research ship
RRS
33%
NN: The first President of Nigeria
Nnamdi Azikiwe
30.9%
TT: Russian semi-
automatic pistol
TT-30
30.9%
KK: Most succesful Serbian basketball club
KK Partizan
27.8%
Quiz Playlist
Details
Report
Send in Message
Add To Playlist
More Info:
A few acronyms and abbreviations were needed to cover all the letters. Some of these should be quite easy, others quite hard. Enjoy!
Classic:
Type in answers that appear in a list
Forced Order:
Answers have to be entered in order
Last Updated: Feb 16, 2017
Quiz Scoreboard
CHALLENGE
Sign Up to Join the Scoreboard
Show All
Scores
Hide
Comments
May contain spoilers
Recently Published
Street Fighter Characters
by Artimus82
Gaming
60s
9x9 Crossword: Cartoon Network
by jackfrog10
Miscellaneous
3m
College Basketball Coaching Resumes
by pancakes188
Sports
9m
More to Explore
Quiz From the Vault
Featured Blog Post
Where Did the Easter Bunny Come From?
hide this ad
You Might Also Like...
Tags
Alphabet Quiz
Begins and Ends Quiz
A-Z
Begins With
Today's Top Quizzes in Miscellaneous
Browse Miscellaneous
hide this ad
Today's Top Quizzes in Begins and Ends
Browse Begins and Ends
Top Contributed Quizzes in Miscellaneous
1
5-to-1: Fast Food
2
The JOE quick-fire general knowledge quiz: Day 174
3
The JOE quick-fire general knowledge quiz: Day 173
4
5-to-1: Cocktails
5
The JOE quick-fire general knowledge quiz: Day 172
6
9x9 Crossword: Disney Movie Titles
7
Sunday Crossword: Famous Bodies of Water
8
9x9 Crossword: Charlie and the Chocolate Factory
9
The JOE quick-fire general knowledge quiz: Day 171
10
One Thing in Common: United Kingdom II
Explore More
Trending Topics
NBA
Marvel
Disney
Crossword
Kpop
Harry Potter
Anime
Country
Pokémon
NFL
WWE
Soccer
Puzzle
The Office
Song
hide this ad
More By:
dyster
Quiz
Plays
Rating
Category
Featured
Created
Beatles Albums by Any Song
22,292
4.41
Music
May 24, 2014
Footballers Born in 1976
11,209
4.08
Sports
Aug 10, 2022
Best Metal Albums of the 80s
2,585
5.00
Music
Oct 30, 2015
Black Metal
2,339
4.63
Music
Apr 6, 2011
A decade of English football '90s
2,309
4.00
Sports
Mar 27, 2016
Go to Creator's Profile
Score Distribution
Quiz Creator Spotlight
dyster
Follow
Send a Message
Quizzes Created
-
Created Quiz Play Count
-
More By This Creator
Popular Quizzes Today
1
Find the US States - No Outlines Minefield
2
Find the Countries of Europe - No Outlines Minefield
3
The Countries of the World
4
Find the US States
5
Risky Map Clicking: Biggest States A-Z
6
US States
7
Popular People in 1961
8
Movies - When Are They Set?
More Miscellaneous Quizzes
Baby Names: 'O' & 'P' Boy Names by Decade
Published
Trending Quizzes
Risky Map Clicking: Least Populous States A-Z
Countries of the World: 200 Million BC
Billboard Blitz: Aretha Franklin
1-10 Letter G Words
Famous Russians: Author or Composer?
Recently Updated
Leaping Animals
pecheneg
Reality TV Shows (A-Z)
bhenderson79
Rickey Henderson's Hall of Fame Teammates
pecheneg
Champions League XIs: Arsenal
pecheneg
Quick Pick: Celebrities in WWE's Hall of Fame
aduchscher
A-Z Keypad Blitz II
pecheneg
Multiple Oscar Actors
pecheneg
Mystery Phrase Blitz: Oscar 'Best Actors'
pecheneg
F. Scott Fitzgerald Novels
LTH
Pick 3 Villains
ddd62291
Trending Topics
Anime
Harry Potter
Disney
Crossword
Kpop
NBA
Marvel
Pokémon
NFL
WWE
Song
Soccer
Puzzle
Country
The Office
Your Account Isn't Verified!
In order to create a playlist on Sporcle, you need to verify the email address you used during registration. Go to your
Sporcle Settings
to finish the process.
Report this User
Report this user for behavior that violates our
Community Guidelines
.
Details:
Send Report
Go to the Sporcle.com Mobile Site →
Comments